000 00311nam a22001457a 4500
008 210302b ||||| |||| 00| 0 eng d
020 _a9781412937481
041 _aeng
080 _23rd
_a316
082 _a316
100 _a50
101 _aSOC
245 _aFamily Theories
_cWhite, J. M
942 _2udc
_cBK
999 _c55483
_d55483